[Event "ch-FRA Top 16 Poule Haute"]
[Site "Port Barcares FRA"]
[Date "2005.05.05"]
[Round "9"]
[White "Rausis,I"]
[Black "Vallejo Pons,F"]
[Result "0-1"]
[WhiteElo "2506"]
[BlackElo "2677"]

1.Nf3 d5 2.c4 d4 3.e3 Nc6 4.exd4 Nxd4 5.Nxd4 Qxd4 6.Nc3 c6 7.d3 Nh6 8.Be2 Nf5
9.g4 Nh4 10.Rg1 Qd6 11.f4 e5 12.f5 h5 13.h3 Qd4 14.Rg3 hxg4 15.hxg4 g6 16.fxg6 Nxg6
17.Be3 Qd8 18.Kd2 Be6 19.Qa4 Nf4 20.Re1 Be7 21.Bxf4 exf4 22.Rg2 Qd4 23.Kc2 O-O-O
24.Rf1 Rh3 25.Rgf2 Rxd3 26.Bxd3 Qxd3+ 27.Kc1 Bc5 28.Qc2 Bxc4 29.Rxf4 Qe3+  0-1

[Event "23rd Liechtenstein Open"]
[Site "Triesen LIE"]
[Date "2005.05.05"]
[Round "7"]
[White "Grunberg,M"]
[Black "Ferrari,J"]
[Result "1-0"]
[WhiteElo "2421"]
[BlackElo "2206"]

1.Nf3 d5 2.c4 Nf6 3.cxd5 Nxd5 4.d4 g6 5.e4 Nb6 6.Nc3 Bg7 7.Be3 O-O 8.h3 a5
9.Rc1 a4 10.Be2 a3 11.b3 Na6 12.Qd2 c6 13.O-O Re8 14.Rfd1 Bd7 15.Nb1 Nc7
16.d5 Nbxd5 17.exd5 Nxd5 18.Bc4 Be6 19.Bd4 f6 20.Nc3 Qd6 21.Bxd5 cxd5 22.Nb5 Qd7
23.Nc7 Bxh3 24.gxh3 Qxh3 25.Qf4 Bh6 26.Qg3 Qxg3+ 27.fxg3 Bxc1 28.Nxa8 Bh6
29.Nc7 Rd8 30.Bf2 Rc8 31.Nxd5 Kf7 32.Be3 Bf8 33.Kf2 e5 34.Nb6 Rc2+ 35.Rd2 Rc6
36.Nc4 Ke6 37.Rd8 b5 38.Rxf8 bxc4 39.b4 c3 40.Ne1 c2 41.Nd3 e4 42.Nc1 Rc4
43.b5 Rb4 44.b6 f5 45.Rc8 Rb2 46.Rc3 g5 47.Rxa3 f4 48.gxf4 gxf4 49.Bxf4 Rxb6
50.Rh3 Rb7 51.Rh5  1-0

[Event "23rd Liechtenstein Open"]
[Site "Triesen LIE"]
[Date "2005.05.05"]
[Round "7"]
[White "Kohlweyer,B"]
[Black "Vasilev,M"]
[Result "1/2-1/2"]
[WhiteElo "2429"]
[BlackElo "2403"]

1.Nf3 d5 2.c4 c6 3.e3 Nf6 4.Nc3 a6 5.h3 g6 6.d4 Bg7 7.Bd2 O-O 8.Rc1 Ne4 9.cxd5 cxd5
10.Qb3 Nxd2 11.Nxd2 e5 12.dxe5 d4 13.exd4 Qxd4 14.Nf3 Qf4 15.Qc2 Nc6 16.Nd5 Qh6
17.Ne3 Nxe5 18.Be2 Ng4 19.Nxg4 Bxg4 20.O-O Bf5 21.Qb3 b5 22.Rfe1 Be6 23.Qb4 Rfb8
24.b3 a5 25.Qe4 b4 26.Bc4 Bxc4 27.Rxc4 Bc3 28.Re3 Qf8 29.Rc7 Re8 30.Qc4 Rxe3
31.fxe3 h6 32.Rd7 Rd8 33.Ra7 Qe8 34.Kf2 Rc8 35.Qd5 Bf6 36.e4 Rd8 37.Qc4 Rc8
38.Qd5 Rd8 39.Qc4  1/2-1/2

[Event "Capablanca Mem Premier 1"]
[Site "Havana CUB"]
[Date "2005.05.06"]
[Round "1"]
[White "Flores,Di"]
[Black "Perez,Lu"]
[Result "1-0"]
[WhiteElo "2491"]
[BlackElo "2420"]

1.Nf3 d5 2.c4 c6 3.e3 Nf6 4.Nc3 e6 5.b3 Nbd7 6.Bb2 e5 7.g4 Nxg4 8.cxd5 cxd5
9.Nxd5 Nc5 10.b4 Qxd5 11.bxc5 e4 12.Bb5+ Bd7 13.Bxd7+ Qxd7 14.Ng5 O-O-O 15.Nxe4 f5
16.h3 Nh6 17.c6 bxc6 18.Ng5 f4 19.Ne4 fxe3 20.fxe3 Bb4 21.Qc2 Rhe8 22.O-O-O Qd5
23.Nc3 Bxc3 24.Bxc3 Nf5 25.Kb1 Re4 26.Ka1 Qd3 27.Qb3 Qd5 28.Qa3 Kb7 29.Rb1+ Ka8
30.Rhf1 g6 31.Rb3 c5 32.Rfb1 Qc6 33.Rb5 Rc8 34.Rb6 Qc7 35.Qa6 Re7 36.Qa4 Nd6
37.R6b3 Ne4 38.Ba5 Qd7 39.Qc4 Qe6 40.d3 Nd6 41.Qh4 Nf5 42.Qf4 Ree8 43.e4 Nd4
44.R3b2 Qa6 45.Qf7 h5 46.Bc3 Qc6 47.Bxd4 cxd4 48.Rc2 Rc7 49.Qxc7  1-0

[Event "SME Open"]
[Site "Ostrava CZE"]
[Date "2005.05.06"]
[Round "7"]
[White "Caletka,R"]
[Black "Bartos,J"]
[Result "1/2-1/2"]
[WhiteElo "2183"]
[BlackElo "2293"]

1.Nf3 d5 2.c4 dxc4 3.Na3 a6 4.Nxc4 b5 5.Ne3 Bb7 6.g3 Nd7 7.Bg2 Ngf6 8.O-O e6
9.b3 Be7 10.Bb2 O-O 11.d3 c5 12.Rc1 Nd5  1/2-1/2

[Event "Open A"]
[Site "Djakovo CRO"]
[Date "2005.05.07"]
[Round "9"]
[White "Kovacevic,B"]
[Black "Doric,D"]
[Result "1/2-1/2"]
[WhiteElo "2510"]
[BlackElo "2368"]

1.Nf3 d5 2.c4 e6 3.b3 Nf6 4.Bb2 Bd6 5.g3 O-O 6.Bg2 Nbd7 7.O-O b6 8.cxd5 exd5
9.Nc3 Bb7 10.Nb5 Be7 11.Rc1 c5 12.d4 Bc6 13.Nc3 Rc8 14.e3 Qc7 15.Ne2 Rfd8
16.Nf4 Qb7 17.Qe2 c4 18.Ne5 b5 19.bxc4 bxc4 20.Rb1 Qa6 21.Nxc6 Qxc6 22.Bc3 Bd6
23.Nh5 Re8 24.Nxf6+ Nxf6 25.Qc2 Rb8 26.Rxb8 Rxb8 27.f3 Rb6 28.e4 Bb4 29.Rc1 g6
30.Bxb4 Rxb4 31.a3 Rb8 32.exd5 Nxd5 33.f4 c3 34.Qa2 Rd8 35.Bxd5  1/2-1/2

[Event "Capablanca Mem Mixto"]
[Site "Havana CUB"]
[Date "2005.05.07"]
[Round "2"]
[White "Hernandez,T"]
[Black "Arribas,M"]
[Result "0-1"]
[WhiteElo "2227"]
[BlackElo "2280"]

1.Nf3 d5 2.c4 dxc4 3.g3 Nf6 4.Bg2 c6 5.Qc2 Bg4 6.Qxc4 Nbd7 7.Qc2 e5 8.Nc3 Bd6
9.O-O O-O 10.d3 h6 11.Rd1 Qe7 12.b3 Rad8 13.Bb2 Nc5 14.d4 exd4 15.Nxd4 Ne6
16.Nf5 Bxf5 17.Qxf5 Ba3 18.Bxa3 Qxa3 19.Ne4 Rxd1+ 20.Rxd1 Nd5 21.Rd2 Qc1+
22.Bf1 g6 23.Qe5 Nc5 24.Rxd5 Nxe4 25.Qxe4 cxd5 26.Qxd5 b6 27.h4 Rc8 28.h5 g5
29.e3 Qc6 30.Bc4 Qxd5 31.Bxd5 Rc5 32.e4 b5 33.a4 b4 34.g4 Kg7 35.Kf1 Rc2
36.Kg2 Kf6 37.Kf3 Ke7 38.e5 f6 39.exf6+ Kxf6 40.Ke3 Ke5 41.Bg8 Rc3+ 42.Ke2 Kd4
43.Kd2 Rf3 44.Ke2 Rf4 45.f3 Rf8 46.Bc4 Re8+ 47.Kf2 Re3 48.Bg8 Rc3 49.Kg3 Ke3
50.Bd5 Rc1 51.Kg2 Kf4 52.Be4 Rc3 53.Bd5 Rd3  0-1

[Event "ch-FRA National 1"]
[Site "Lille FRA"]
[Date "2005.05.07"]
[Round "10"]
[White "Giffard,N"]
[Black "Romieux,S"]
[Result "0-1"]
[WhiteElo "2340"]
[BlackElo "2235"]

1.Nf3 d5 2.c4 c6 3.d4 Nf6 4.Nc3 dxc4 5.e3 Bf5 6.Bxc4 e6 7.O-O Nbd7 8.Re1 Nb6
9.Bf1 Bb4 10.a3 Bxc3 11.bxc3 Ne4 12.c4 O-O 13.Qb3 c5 14.Bb2 Qe7 15.a4 Rab8
16.Red1 Bg4 17.h3 Bh5 18.g4 Bg6 19.Ne5 Qh4 20.Qc2 Ng5 21.Nxg6 fxg6 22.dxc5 Nxc4
23.Rd7 Nxb2 24.Qxb2 Rf6 25.f4 Qg3+ 26.Kh1 Ne4 27.Ra2 Qxe3 28.Qe5 Qxf4 29.Qxf4 Rxf4
30.Bg2 Nxc5 31.Rc7 b6 32.Rxa7 Rd8 33.a5 bxa5 34.Rc2 Rd1+ 35.Kh2 Nd7 36.Rcc7 Rfd4
37.Bc6 R1d2+ 38.Kg3 R4d3+ 39.Kh4 g5+ 40.Kxg5 h6+ 41.Kh4 Rh2 42.Bg2 Rxg2 43.Rxd7 Rxd7
44.Rxd7 Re2 45.g5 hxg5+ 46.Kxg5 Kh7 47.Ra7 Re5+ 48.Kf4 Rf5+ 49.Kg4 Kg6 50.h4 Kf6
51.Ra8 g6 52.Rf8+ Ke7 53.Ra8 Rb5 54.Rg8 Kf7 55.Ra8 Kg7 56.Kf4 e5+ 57.Kg4 e4
58.Kf4 Rh5 59.Kg4 Re5 60.Ra7+ Kh6 61.Kf4 e3  0-1

[Event "Torch Real Estate Cup"]
[Site "Wuxi CHN"]
[Date "2005.05.10"]
[Round "9"]
[White "Xu Hanbing"]
[Black "Zhang Pengxiang"]
[Result "0-1"]
[WhiteElo "2290"]
[BlackElo "2583"]

1.Nf3 d5 2.c4 d4 3.b4 f6 4.e3 dxe3 5.fxe3 e5 6.a3 e4 7.Nd4 c5 8.bxc5 f5 9.Qb3 Nc6
10.Bb2 Nf6 11.Be2 Bxc5 12.Qb5 Bxd4 13.exd4 Bd7 14.Qb3 Rc8 15.d5 Na5 16.Qb4 Kf7
17.Bd4 b5 18.cxb5 Nxd5 19.Qd6 Be6 20.Bh5+ g6 21.Qe5 Nf6 22.Bd1 Nc4 23.Qxf6+ Qxf6
24.Bxf6 Kxf6 25.Be2 Na5 26.Kf2 Rhd8 27.a4 Rc2 28.Ra3 Ba2 29.Rc3 Rdxd2 30.Rxc2 Rxc2
31.Rd1 Ke5 32.Na3 Rc3 33.b6 axb6 34.Nb5 Rc2 35.Nd6 Nc6 36.Ke1 Kf4 37.Bf1 e3
38.Nb5 e2  0-1

[Event "Capablanca Mem Mixto"]
[Site "Havana CUB"]
[Date "2005.05.12"]
[Round "6"]
[White "Hernandez,T"]
[Black "Marrero,Y"]
[Result "1-0"]
[WhiteElo "2227"]
[BlackElo "2291"]

1.Nf3 d5 2.c4 c6 3.g3 Bg4 4.Bg2 Nd7 5.cxd5 cxd5 6.Qb3 Qc7 7.Nc3 e6 8.O-O Ngf6
9.d3 Be7 10.Be3 Bxf3 11.Bxf3 Ne5 12.Nb5 Qa5 13.Rfc1 Nc6 14.Bf4 O-O 15.Nc7 Nd4
16.Qxb7 Rab8 17.Qa6 Qxa6 18.Nxa6 Rxb2 19.Rc7 Bd8 20.Rc8 Nxe2+ 21.Bxe2 Rxe2
22.Bd6 Be7 23.Rxf8+ Kxf8 24.Bb8 Ng4 25.Bxa7 Bf6 26.d4 Nxf2 27.a4 Nh3+ 28.Kh1 Ng5
29.Ra3 Ne4 30.a5 h5 31.Nc5 Nf2+ 32.Kg1 Ke7 33.Nb3 Bg5 34.Kf1 Rb2 35.a6 Be3
36.Bc5+ Kf6 37.a7 Nd3 38.Nd2 Nxc5 39.dxc5 Rxd2 40.a8=Q  1-0

[Event "ch-EST"]
[Site "Tallinn EST"]
[Date "2005.05.13"]
[Round "6"]
[White "Seeman,T"]
[Black "Rytshagov,M"]
[Result "1/2-1/2"]
[WhiteElo "2401"]
[BlackElo "2455"]

1.Nf3 d5 2.c4 dxc4 3.e4 c5 4.Bxc4 Nc6 5.b3 e6 6.Bb2 Nf6 7.Nc3 a6 8.e5 Nd7
9.Qe2 Qc7 10.Nd1 Nb4 11.Qe4 Nb6 12.a3 Qc6 13.Qxc6+ Nxc6 14.Bd3 Be7 15.Ne3 O-O
16.O-O Bd7 17.Be4 Na5 18.Bc3 Nxb3 19.Rab1 c4 20.Nxc4 Nxc4 21.Rxb3 Rab8 22.Rxb7 Rxb7
23.Bxb7 Nxa3 24.Bxa6 Bc6 25.Be2 Bd5 26.Nd4 Nc4 27.Nc2 f6 28.exf6 Bxf6 29.Ne3 Bxc3
30.dxc3 Nxe3 31.fxe3 Rb8 32.Rc1 Rb2 33.Bf1 Kf7 34.c4 Bc6 35.Ra1 Rc2 36.h4 h6
37.Ra3 Kf6 38.Ra5 Be4 39.Ra1 Bc6 40.Kh2 g5 41.hxg5+ hxg5 42.Kg3 Be4 43.Rd1 Ke5
44.Rd8 Rc3 45.Kf2 Rc2+ 46.Kg3 Rc3 47.Kf2  1/2-1/2

[Event "62nd ch-GEO w"]
[Site "Tblisi GEO"]
[Date "2005.05.13"]
[Round "8"]
[White "Dzagnidze,N"]
[Black "Tereladze,S"]
[Result "0-1"]
[WhiteElo "2482"]
[BlackElo "2262"]

1.Nf3 d5 2.c4 e6 3.d4 c6 4.Nc3 f5 5.Bf4 Bd6 6.Bxd6 Qxd6 7.e3 Nf6 8.Bd3 O-O
9.O-O Ne4 10.Nd2 b6 11.f3 Nxd2 12.Qxd2 Ba6 13.b3 dxc4 14.bxc4 Nd7 15.Rfd1 c5
16.Qf2 cxd4 17.exd4 Rac8 18.Nb5 Bxb5 19.cxb5 Nf6 20.Bc2 Nd5 21.Bb3 Rfe8 22.Re1 Kh8
23.Re5 Nf4 24.Qd2 Ng6 25.Re2 Nf4 26.Re5 Ng6 27.Ree1 e5 28.Red1 Red8 29.Qg5 exd4
30.Qxf5 Rc5 31.Qf7 Rxb5 32.Re1 Re5 33.Qxa7 d3 34.Qa4 d2 35.Rf1 b5 36.Qg4 Qc5+
37.Kh1 Qc3 38.Rad1 Ne7 39.f4 Re1 40.Qh4 Rxf1+ 41.Rxf1 Qd3 42.Rg1 Nf5 43.Qh5 g6
44.Qg5 Kg7 45.Qg4 h5 46.Qd1 Ne3 47.Qf3 d1=Q 48.Bxd1 Nxd1 49.Qb7+ Rd7 50.Qb6 Qd4
51.Qxd4+ Rxd4 52.g3 b4 53.Kg2 Nc3  0-1

[Event "Torch Real Estate Cup"]
[Site "Wuxi CHN"]
[Date "2005.05.13"]
[Round "12"]
[White "Du Shan"]
[Black "Ye Rongguang"]
[Result "1/2-1/2"]
[WhiteElo "2399"]
[BlackElo "2472"]

1.Nf3 d5 2.c4 dxc4 3.e3 Nf6 4.Bxc4 e6 5.d4 a6 6.O-O c5 7.a4 Nc6 8.Nc3 Qc7
9.d5 exd5 10.Nxd5 Nxd5 11.Qxd5 Bd6 12.Rd1 Be6 13.Qe4 O-O-O 14.Bxe6+ fxe6
15.Qxe6+ Kb8 16.Bd2 Ne5 17.Qh3 Nxf3+ 18.gxf3 Ka7 19.Bc3 Be5 20.Qh5 Bxc3 21.bxc3 g6
22.Qg4 Qe5 23.c4 Rd2 24.f4 Qc3 25.Rxd2 Qxd2 26.Qg5 Rc8 27.Qd5 Qb2 28.Qe5 Qe2
29.Qd5 Qb2 30.Rd1 Qb3 31.a5 Qb4 32.Qd7 Rc6 33.e4 Qxa5 34.Qxh7 Qc3 35.Rb1 Rb6
36.Rxb6 Qe1+ 37.Kg2 Qxe4+ 38.f3 Qc2+ 39.Kg3 Kxb6  1/2-1/2

[Event "Capablanca Mem Premier 1"]
[Site "Havana CUB"]
[Date "2005.05.14"]
[Round "8"]
[White "Flores,Di"]
[Black "Abreu,A"]
[Result "0-1"]
[WhiteElo "2491"]
[BlackElo "2440"]

1.Nf3 d5 2.c4 c6 3.e3 Nf6 4.Nc3 e6 5.b3 Nbd7 6.Bb2 b6 7.Rc1 Bb7 8.cxd5 exd5
9.Ne2 g6 10.Qc2 Rc8 11.h4 Bd6 12.h5 Rg8 13.hxg6 hxg6 14.g3 Qe7 15.Bg2 Kd8
16.a4 a6 17.Nf4 Rc7 18.a5 b5 19.d4 Ne4 20.Kf1 Re8 21.Rh7 Nf8 22.Rh8 g5 23.Nd3 f6
24.Nc5 Kc8 25.Nxe4 dxe4 26.Nd2 c5 27.dxc5 Rxc5 28.Qd1 Kb8 29.Nxe4 Rxc1 30.Bxc1 Bb4
31.Nd2 Rd8 32.Qe2 Qc7 33.Qd1 Qc3 34.Bxb7 Kxb7 35.Kg2 Kb8 36.Qg4 Bxa5 37.Ba3 b4
38.Ne4 Qxb3 39.Bc1 Qd5 40.Kh2 f5 41.Qxg5 Qxe4 42.Qf6 Ne6 43.Rh4 Qc6 44.e4 fxe4
45.Be3 Bb6 46.Bxb6 Qxb6 47.Rxe4 Rf8 48.Qe7 Qxf2+ 49.Kh3 Qf5+ 50.g4 Qf3+  0-1

[Event "48th TCh-SCG"]
[Site "Herceg Novi SCG"]
[Date "2005.05.15"]
[Round "1"]
[White "Radonjanin,V"]
[Black "Sedlak,N"]
[Result "0-1"]
[WhiteElo "2287"]
[BlackElo "2514"]

1.Nf3 d5 2.c4 d4 3.g3 g6 4.Bg2 Bg7 5.d3 e5 6.Na3 Ne7 7.Nc2 O-O 8.O-O a5 9.Rb1 Nbc6
10.Bd2 Bf5 11.Nh4 Be6 12.b3 Qd7 13.Re1 Bh3 14.Bh1 h6 15.a3 f5 16.f4 exf4
17.gxf4 g5 18.Bg2 Bxg2 19.Nxg2 Ng6 20.Rf1 g4 21.b4 axb4 22.axb4 b5 23.cxb5 Nce7
24.e4 dxe3 25.Ncxe3 Qxd3 26.Qb3+ Qxb3 27.Rxb3 Rfd8 28.Be1 Rab8 29.Bf2 Rxb5
30.Rc1 c6 31.Nc4 Nd5 32.Na5 Rxb4 33.Rxb4 Nxb4 34.Rb1 Rd5 35.Rxb4 Rxa5 36.Ne3 h5
37.Rc4 h4 38.Be1 Ra1 39.Kf1 Ne7 40.Ke2 Bf6 41.Bb4 Ra2+ 42.Nc2 Nd5 43.Bd6 g3
44.hxg3 h3  0-1

[Event "48th TCh-SCG"]
[Site "Herceg Novi SCG"]
[Date "2005.05.16"]
[Round "2"]
[White "Lalic,D"]
[Black "Zmijanac,D"]
[Result "1-0"]
[WhiteElo "2359"]
[BlackElo "2265"]

1.Nf3 d5 2.c4 c6 3.g3 Nf6 4.Bg2 g6 5.b3 Bg7 6.Bb2 O-O 7.O-O b5 8.Qc2 Qb6
9.d3 Nbd7 10.Nbd2 Bb7 11.e4 Rfc8 12.Rab1 e6 13.Bh3 a5 14.Rfc1 Qa6 15.a3 Nb6
16.Ne5 Re8 17.c5 Nbd7 18.Ndf3 Rac8 19.Nxf7 Kxf7 20.Ng5+ Kg8 21.Bxe6+ Kh8
22.e5 Rxe6 23.Nxe6 Ng8 24.Ng5 Ne7 25.e6 Nf6 26.Be5 h6 27.Nf7+ Kh7 28.Qd2 Neg8
29.Nd6 Rf8 30.Bb2 Ne7 31.Nf7 Nfg8 32.Qf4 Qa8 33.h4 Qe8 34.g4 Bc8 35.Bxg7 Kxg7
36.Qe5+ Nf6 37.Nd6  1-0

[Event "Chigorin CC"]
[Site "St Petersburg RUS"]
[Date "2005.05.16"]
[Round "1"]
[White "Yerastov,A"]
[Black "Kudriavtsev,Y"]
[Result "1-0"]
[WhiteElo "2229"]
[BlackElo "1988"]

1.Nf3 d5 2.c4 c6 3.g3 e6 4.Bg2 f5 5.Qc2 Nf6 6.b3 Be7 7.O-O O-O 8.Bb2 Bd6
9.d3 Qe7 10.Nbd2 Nbd7 11.e4 fxe4 12.dxe4 dxe4 13.Nxe4 Nxe4 14.Qxe4 Nf6 15.Qd4 Bd7
16.Rad1 Bc5 17.Qh4 Rae8 18.Ne5 Bc8 19.Bd4 Rd8 20.Bxc5 Qxc5 21.Rxd8 Rxd8 22.Qf4 Rd4
23.Qe3 Qd6 24.Re1 Rd2 25.Qxa7 Rb2 26.Bf3 Rd2 27.Kg2 Qb4 28.Qb8 Qf8 29.Qc7 Rxa2
30.Rd1 Ra8 31.Rd8 Ne8 32.Qb6 Ra6 33.Qd4 Ra8 34.Bh5 c5 35.Qxc5 g6 36.Qxf8+ Kxf8
37.Nxg6+ hxg6 38.Bxg6 Ke7 39.Rxe8+ Kd7 40.Rh8 b6 41.Be4 Ra3 42.b4 Rc3 43.b5 Rxc4
44.Bc6+ Kc7 45.f4 Rc5 46.g4 Rc2+ 47.Kf3 Rc1 48.g5 Re1 49.g6 Rg1 50.Be4 Bd7
51.Rh5 Be8 52.Rg5 Rc1 53.Bc6 Kd8  1-0

[Event "Chigorin CC"]
[Site "St Petersburg RUS"]
[Date "2005.05.16"]
[Round "1"]
[White "Gavriushov,A"]
[Black "Melnikov,N1"]
[Result "1-0"]
[WhiteElo "2189"]
[BlackElo "1847"]

1.Nf3 d5 2.c4 Nf6 3.g3 c6 4.b3 e6 5.Bg2 Nbd7 6.Bb2 Bd6 7.O-O dxc4 8.bxc4 Rb8
9.d4 O-O 10.c5 Bc7 11.Nbd2 Re8 12.Nc4 Nf8 13.Qc2 Ng6 14.e4 Qe7 15.Nfe5 Nd7
16.Nxg6 hxg6 17.e5 Rd8 18.Rad1 Nf8 19.Be4 Qe8 20.h4 Qe7 21.Kg2 Bd7 22.Rh1 Be8
23.Bc1 b6 24.h5 bxc5 25.hxg6 Nxg6 26.Bxg6 fxg6 27.Ba3 Bb6 28.Qe4 Qg5 29.Nd6 cxd4
30.Rh4 Rxd6 31.Bxd6 Rb7 32.Rdh1 Qf5 33.Rh8+  1-0

[Event "FSIM May"]
[Site "Budapest HUN"]
[Date "2005.05.18"]
[Round "12"]
[White "Galyas,M"]
[Black "Lengyel,B"]
[Result "1/2-1/2"]
[WhiteElo "2444"]
[BlackElo "2302"]

1.Nf3 d5 2.c4 e6 3.g3 Nf6 4.Bg2 Be7 5.O-O O-O 6.b3 c5 7.Bb2 Nc6 8.e3 Bd7
9.cxd5 Nxd5 10.Nc3 Nxc3 11.Bxc3 Rc8 12.Rc1 Qb6 13.d4 cxd4 14.Nxd4 Rfd8 15.Qg4 Bf8
16.Rfd1 Nb4 17.Qe2 e5 18.Bxb4 Rxc1 19.Rxc1 Bxb4 20.Nf3 Bb5 21.Qc2 Qd6 22.Ng5 g6
23.Bf1 Bxf1 24.Rxf1 Qe7 25.Nf3 e4  1/2-1/2

[Event "Chigorin CC"]
[Site "St Petersburg RUS"]
[Date "2005.05.18"]
[Round "3"]
[White "Gavriushov,A"]
[Black "Kudriavtsev,Y"]
[Result "1/2-1/2"]
[WhiteElo "2189"]
[BlackElo "1988"]

1.Nf3 d5 2.c4 c6 3.b3 Bg4 4.Bb2 Nd7 5.e3 e6 6.Be2 Ngf6 7.O-O Bd6 8.d4 Rc8
9.Nc3 O-O 10.Rc1 Bb8 11.Nd2 Bf5 12.Bf3 Re8 13.e4 dxe4 14.Ndxe4 Nxe4 15.Bxe4 Bxe4
16.Nxe4 Bxh2+ 17.Kxh2 Qh4+ 18.Kg1 Qxe4 19.Re1 Qf5 20.Rc3 Qa5 21.a3 Nf8 22.Rg3 Ng6
23.b4 Qc7 24.Qh5 Qe7 25.d5 cxd5 26.cxd5 Rcd8 27.Rh3 Nf8 28.Rhe3 Qd6 29.Qg5 Ng6
30.dxe6 Rxe6 31.Rxe6 fxe6 32.Rxe6 Qd1+ 33.Kh2 Qd7 34.Re3 Rf8 35.Qg3 Qf5 36.Re7 Qh5+
37.Kg1 Qd1+ 38.Kh2  1/2-1/2

[Event "Open"]
[Site "Znojmo CZE"]
[Date "2005.05.19"]
[Round "6"]
[White "Mrna,V"]
[Black "Vavrousek,P"]
[Result "1-0"]
[WhiteElo "2112"]
[BlackElo "1927"]

1.Nf3 d5 2.c4 c6 3.g3 Nf6 4.b3 Bf5 5.Bg2 h6 6.O-O e6 7.d3 Nbd7 8.Bb2 Be7
9.Nbd2 O-O 10.a3 a5 11.Qc2 Rc8 12.Rfe1 Re8 13.e4 dxe4 14.Nxe4 Nxe4 15.dxe4 Bh7
16.Rad1 Qc7 17.h3 Red8 18.Kh2 e5 19.Qc3 f6 20.Nh4 Nc5 21.Nf5 Bxf5 22.exf5 Qb6
23.Rxd8+ Rxd8 24.Re3 a4 25.b4 Nb3 26.f4 Bd6 27.c5 Bxc5 28.bxc5 Qa6 29.fxe5 Rd2
30.exf6 Rf2 31.f7+  1-0

[Event "48th TCh-SCG"]
[Site "Herceg Novi SCG"]
[Date "2005.05.20"]
[Round "6"]
[White "Lalic,D"]
[Black "Mincic,S"]
[Result "1-0"]
[WhiteElo "2359"]
[BlackElo "2316"]

1.Nf3 d5 2.c4 e6 3.b3 Nf6 4.g3 b6 5.Bg2 Bb7 6.O-O Be7 7.Bb2 O-O 8.e3 Nbd7
9.Qe2 a5 10.d3 a4 11.Nc3 axb3 12.axb3 Nc5 13.Nd2 dxc4 14.Bxb7 Nxb7 15.Nxc4 Nc5
16.d4 Nce4 17.Nxe4 Nxe4 18.f3 Nd6 19.Ne5 Qe8 20.Rfc1 Qb5 21.Qxb5 Nxb5 22.Nc6 Bd6
23.e4 Rfe8 24.e5 Bf8 25.f4 f5 26.Kf2 Kf7 27.Ke3 Rec8 28.Kd3 Ke8 29.Kc4 Na3+
30.Bxa3 Bxa3 31.Rc2 Kd7 32.Kb5 Bf8 33.Rca2 Rxa2 34.Rxa2 h6 35.b4 g6 36.Rd2 Ra8
37.d5 exd5 38.Rxd5+ Ke8 39.Rd2 Be7 40.Nxe7 Kxe7 41.Kc6 Ra4 42.Rd4 Ra2 43.Kxc7 Rxh2
44.Kxb6 Rh3 45.Rd3 h5 46.Kc6 h4 47.Rd7+ Ke6 48.Rd6+ Kf7 49.Kd7 hxg3 50.e6+ Kg7
51.e7 g2 52.Rxg6+ Kxg6 53.e8=Q+ Kh7 54.Qe7+  1-0

[Event "48th TCh-SCG"]
[Site "Herceg Novi SCG"]
[Date "2005.05.20"]
[Round "6"]
[White "Ilic,DB"]
[Black "Bodiroga,P"]
[Result "1/2-1/2"]
[WhiteElo "2295"]
[BlackElo "2418"]

1.Nf3 d5 2.c4 c6 3.b3 Bg4 4.Ne5 Bf5 5.Bb2 Nd7 6.Nxd7 Qxd7 7.cxd5 Qxd5 8.d3 Rd8
9.Nd2 Bg6 10.e4 Qa5 11.a3 e5 12.b4 Qc7 13.Be2 f6 14.O-O Nh6 15.Rc1 Be7 16.Qa4 O-O
17.Qxa7 f5 18.Qa5 Qxa5 19.bxa5 Bg5 20.Rc2 Bxd2 21.Rxd2 fxe4 22.Rfd1 e3 23.fxe3 Nf5
24.Bxe5 Nxe3 25.Rc1 Rf5 26.Bc7 Re8 27.d4 Bf7 28.Be5 Bd5 29.Rc3 Nxg2 30.Rg3 Nf4
31.Rxg7+ Kf8 32.Rxh7 Re6 33.Bg4 Rg6 34.Bxf4 Rxg4+ 35.Bg3 Bf7 36.Rf2 Rxf2
37.Kxf2 Rxd4 38.Rh8+ Bg8 39.Rh5 Rd3 40.Rf5+ Ke8 41.a4 Bd5 42.Ke2 Ra3 43.Rf4 Kd7
44.Rh4 Ke6 45.Bc7 c5 46.Rh6+ Kf5 47.Rh5+ Ke4 48.Rh4+ Kf5 49.Bb6 c4 50.Rh7 Ke4
51.Rh4+  1/2-1/2

[Event "48th TCh-SCG"]
[Site "Herceg Novi SCG"]
[Date "2005.05.21"]
[Round "7"]
[White "Todorovic,GN"]
[Black "Miljkovic,Mir1"]
[Result "1/2-1/2"]
[WhiteElo "2416"]
[BlackElo "2418"]

1.Nf3 d5 2.c4 c6 3.g3 Nf6 4.b3 Bg4 5.Bb2 Bxf3 6.exf3 d4 7.f4 g6 8.Bg2 Bg7
9.O-O O-O 10.d3 a5 11.Nd2 Nfd7 12.Qc2 Na6 13.a3 e5 14.fxe5 Nxe5 15.Nf3 Nxf3+
16.Bxf3 Re8 17.Rfe1 Qb6 18.Rxe8+ Rxe8 19.Rb1 Bf8 20.Kf1 Qd8 21.Re1 Rxe1+
22.Kxe1 Nc5 23.Kf1 h5 24.b4 Ne6 25.b5 Qf6 26.Bg2 cxb5 27.cxb5 b6 28.Qc6 Qf5
29.Be4 Qg4  1/2-1/2

[Event "TCh-ROM A"]
[Site "Tusnad ROM"]
[Date "2005.05.22"]
[Round "2"]
[White "Sfarlog,T"]
[Black "Cartas,O"]
[Result "1/2-1/2"]
[WhiteElo "2016"]
[BlackElo "2077"]

1.Nf3 d5 2.c4 c6 3.b3 Bf5 4.g3 e6 5.Bb2 Nf6 6.Bg2 Nbd7 7.O-O Bd6 8.d3 O-O
9.Nbd2 e5 10.cxd5 cxd5 11.e4 dxe4 12.dxe4 Bg6 13.Nc4 Bc7 14.Nfxe5 Nxe5 15.Nxe5 Bxe4
16.Rc1 Bxg2 17.Kxg2 Bxe5 18.Bxe5 Qd5+ 19.Qxd5 Nxd5 20.Rfd1 Rfd8 21.Kf3 f6
22.Ba1 Nb4 23.Rxd8+ Rxd8 24.Rc7 Nxa2 25.Rxb7 a5 26.Rb5 Nc1 27.Rxa5 Nxb3 28.Ra7 Nxa1
29.Rxa1  1/2-1/2

[Event "13th Guillermo Garcia mem Prem I"]
[Site "Santa Clara CUB"]
[Date "2005.05.23"]
[Round "3"]
[White "Flores,Di"]
[Black "Corrales,Fi"]
[Result "1-0"]
[WhiteElo "2491"]
[BlackElo "2501"]

1.Nf3 d5 2.c4 e6 3.e3 Nf6 4.b3 Be7 5.Bb2 O-O 6.Nc3 b6 7.Rc1 Bb7 8.cxd5 Nxd5
9.Nxd5 Bxd5 10.Bc4 c5 11.O-O Nc6 12.d4 cxd4 13.Nxd4 Nxd4 14.Bxd4 Ba3 15.Qg4 f6
16.Bxd5 Qxd5 17.Rcd1 Qc6 18.e4 e5 19.Be3 Rfd8 20.h4 Kf7 21.Qh5+ Kg8 22.Qf5 Rd6
23.Rxd6 Qxd6 24.h5 Rd8 25.g4 Qd7 26.Kg2 Qxf5 27.exf5 Kf7 28.Kf3 Rc8 29.Rd1 Ke8
30.h6 gxh6 31.Bxh6 Rc2 32.Rd2 Rc3+ 33.Be3 Bc1 34.Rd6 Ke7 35.Re6+ Kf7 36.Ke4 Ba3
37.f4 exf4 38.Bd4 Rc2 39.Rxf6+ Kg8 40.Re6 Kf7 41.Kxf4 Rxa2 42.Rc6 Re2 43.Kf3 Re7
44.g5 Re8 45.Rh6 Kg8 46.g6 Re7 47.f6 Rd7 48.f7+ Kf8 49.gxh7 Rxf7+ 50.Rf6  1-0

[Event "Dueball mem"]
[Site "Solingen GER"]
[Date "2005.05.23"]
[Round "2"]
[White "Pajeken,W"]
[Black "Antoniewski,R"]
[Result "0-1"]
[WhiteElo "2361"]
[BlackElo "2488"]

1.Nf3 d5 2.c4 dxc4 3.e3 Nf6 4.Bxc4 e6 5.O-O c5 6.Qe2 a6 7.d4 b5 8.Bb3 Bb7
9.Rd1 Nbd7 10.a4 Qb8 11.axb5 axb5 12.Rxa8 Bxa8 13.e4 Bxe4 14.Nc3 Bxf3 15.Qxf3 cxd4
16.Bf4 e5 17.Ra1 Ba3 18.Rxa3 O-O 19.Ne2 exf4 20.Nxd4 Qe5 21.Qd1 Nc5 22.Nxb5 Qxb2
23.Bc4 Nce4 24.Ra2 Qb4 25.Bf1 Qc5 26.Qd4 Qxd4 27.Nxd4 g6 28.f3 Nc3 29.Ra3 Ncd5
30.g3 Rb8 31.Rb3 Ra8 32.Rb2 Ra1 33.Kf2 Ne3 34.Be2 Rh1 35.Rb8+ Kg7 36.gxf4 Nfd5
37.Kg3 Rg1+ 38.Kf2 Rg2+ 39.Ke1 Nxf4 40.Re8 Ned5 41.Bc4 Rxh2 42.Re5 Ng2+ 43.Kf2 Nge3+
44.Kg1 Rg2+ 45.Kh1 Nxc4 46.Rxd5 Rd2  0-1

[Event "13th Guillermo Garcia mem Prem II"]
[Site "Santa Clara CUB"]
[Date "2005.05.24"]
[Round "4"]
[White "Frois,A"]
[Black "Borges Mateos,J"]
[Result "1/2-1/2"]
[WhiteElo "2356"]
[BlackElo "2484"]

1.Nf3 d5 2.c4 c6 3.d4 Nf6 4.e3 Bf5 5.Bd3 Bxd3 6.Qxd3 e6 7.O-O Nbd7 8.Nbd2 Be7
9.e4 dxe4 10.Nxe4 Nxe4 11.Qxe4 Nf6  1/2-1/2

[Event "Chigorin CC"]
[Site "St Petersburg RUS"]
[Date "2005.05.25"]
[Round "9"]
[White "Gavriushov,A"]
[Black "Gorelikov,I"]
[Result "1-0"]
[WhiteElo "2189"]
[BlackElo "1923"]

1.Nf3 d5 2.c4 e6 3.g3 c5 4.Bg2 Nc6 5.O-O Nf6 6.d3 Be7 7.a3 O-O 8.Qc2 Qc7
9.e3 b6 10.Nc3 a6 11.b3 Bb7 12.Bb2 Rad8 13.Rad1 h6 14.Ne2 Rd7 15.Rd2 dxc4
16.dxc4 Rxd2 17.Nxd2 Na5 18.e4 Nc6 19.e5 Nd7 20.f4 f5 21.exf6 Bxf6 22.Bxf6 Nxf6
23.Nf3 Re8 24.Nc3 Nd4 25.Qb2 Nxf3+ 26.Bxf3 Bxf3 27.Rxf3 Qd6 28.Qe2 Qd4+ 29.Kg2 e5
30.Rd3 exf4 31.Rxd4 Rxe2+ 32.Nxe2 cxd4 33.Nxf4 Ne4 34.b4 g5 35.Nd3 Kf8 36.c5 bxc5
37.Nxc5 Nd6 38.Nxa6 Nc4 39.a4 Nb2 40.Kf3 g4+ 41.Ke4 d3 42.Ke3 Nxa4 43.Kxd3  1-0

[Event "TCh-ROM A"]
[Site "Tusnad ROM"]
[Date "2005.05.27"]
[Round "7"]
[White "Doncea,V"]
[Black "Cartas,O"]
[Result "1-0"]
[WhiteElo "2380"]
[BlackElo "2077"]

1.Nf3 d5 2.c4 c6 3.d4 e6 4.Qc2 Nf6 5.g3 dxc4 6.Qxc4 b5 7.Qd3 Bb7 8.Bg2 Nbd7
9.O-O Be7 10.a4 a6 11.Bg5 h6 12.Bxf6 Bxf6 13.Nbd2 O-O 14.Rfd1 bxa4 15.Nc4 Qc7
16.Rxa4 c5 17.Na5 Nb6 18.Raa1 c4 19.Qc2 Bxf3 20.Bxf3 Rac8 21.e3 c3 22.Rdc1 cxb2
23.Qxb2 Qa7 24.Nc6 Qb7 25.Rab1 Bd8 26.Kg2 Qd7 27.Qa3 a5 28.Nxa5 Rxc1 29.Rxc1 Nd5
30.Nc6 Bf6 31.Qc5 Ne7 32.Ne5 Bxe5 33.Qxe5 Rc8 34.Rb1 Qc7 35.Qh5 Rb8 36.Ra1 Rb2
37.Qc5 Qxc5 38.dxc5 Rb8 39.Rc1 Kf8 40.c6 Rc8 41.c7 Nd5 42.Bxd5 exd5 43.Kf3 Ke7
44.Kf4 f6 45.Kf5 Kf7 46.Rc6 h5 47.h3 g6+ 48.Kf4 Kg7 49.g4 hxg4 50.hxg4 d4
51.exd4 g5+ 52.Kf5 Rxc7 53.Rxc7+ Kh6 54.Rh7+  1-0

[Event "14th CRO-Cup"]
[Site "Sibenik CRO"]
[Date "2005.06.01"]
[Round "4"]
[White "Sikanjic,B"]
[Black "Solic,K"]
[Result "1/2-1/2"]
[WhiteElo "2178"]
[BlackElo "2147"]

1.Nf3 d5 2.c4 e6 3.g3 dxc4 4.Qa4+ c6 5.Qxc4 b5 6.Qc2 Bb7 7.Bg2 Nf6 8.O-O Nbd7
9.b3 Be7 10.Bb2 O-O 11.d3 c5 12.Nbd2 Nd5 13.Rac1 a5 14.a4 Nb4 15.Qb1 bxa4
16.Qa1 f6 17.bxa4  1/2-1/2